| 000 | 00647cab a2200217 4500 | ||
|---|---|---|---|
| 001 | ABS41717 | ||
| 008 | 090401t1989 xxu||||| |||| 00| 0 eng d | ||
| 035 | _a(Sirsi) u31982 | ||
| 041 | _aeng | ||
| 100 | _aBond, R. | ||
| 245 | _aHousing land: changing the balance | ||
| 260 | _c1989 | ||
| 350 | _a0 | ||
| 490 |
_aSurveyor _v172(5069) 2 November 1989, 10-11(2) |
||
| 520 | _aConsiders the future of housing development , in the light of the Foxley Wood decision and growing public concern over the environment . | ||
| 650 | _aCONSERVATION | ||
| 650 | _aLAND | ||
| 690 | _aPLANNING LAW AND PRACTICE | ||
| 942 | _n0 | ||
| 948 | _c04/03/1997 | ||
| 999 |
_c21463 _d21463 |
||